| 000 | 00815 a2200289 4500 | ||
|---|---|---|---|
| 001 | 74626 | ||
| 003 | TR-AnTOB | ||
| 005 | 20251120151919.0 | ||
| 008 | 100615s1991 tu 000 0 | ||
| 020 | _a9757509019 | ||
| 040 |
_aTR-AnTOB _beng _cTR-AnTOB _erda |
||
| 041 | 0 | _atur | |
| 050 | 1 | 4 |
_aBS315.T9 _bB54 1991 |
| 090 |
_aBS315.T9 _bB54 1991 |
||
| 245 | 0 |
_aİncil : _bMüjde |
|
| 250 | _a5.basım | ||
| 264 | 1 |
_aİstanbul: _bYeni Yaşam Yayınları, _c1991 |
|
| 300 | _aiv , 567 s. ; 16 cm. | ||
| 336 |
_atext _btxt _2rdacontent |
||
| 337 |
_aunmediated _bn _2rdamedia |
||
| 338 |
_avolume _bnc _2rdacarrier |
||
| 500 | _aİncil'in çağdaş Türkçe çevirisidir. | ||
| 902 | _a0028957 | ||
| 910 | _aSayın Celil Güngör tarafından bağışlanmıştır. | ||
| 942 |
_cBK _2lcc |
||
| 999 |
_c74626 _d22906 |
||